On This Day: July 29th Quiz Stats

 Plays Quiz Updated Jul 29, 2017

Support Sporcle.
Go Orange.
Score 0/7 Timer 03:00
7 Plays Today
Question Answer Wrong Answers
A worldwide television audience of over 700 million people watch the wedding of Charles, Prince of Wales, and Lady Diana ______ at St Paul's Cathedral in London.
1981
Spencer
88.4%
Smith
1.6%
Ross
3.8%
Heath
2.2%
British Prime Minister Margaret Thatcher and President of France François Mitterrand sign an agreement to build a tunnel under the English Channel, sometimes called the ______ today.
1987
Chunnel
79.1%
Dover Tunnel
6.9%
French Connection
6.8%
EuroTrip
2.8%
Adolf Hitler becomes leader of the National Socialist German ______ Party.
1921
Workers
70.8%
Nationals
15.8%
Military
3.7%
Conservative
8.5%
This country, which had recently gone through the Islamic Revolution, adopts a new ‘holy’ flag.
1980
Iran
67.1%
Pakistan
11.7%
Egypt
7.6%
Iraq
10%
This president signs the National Aeronautics and Space Act into law, which creates the National Aeronautics and Space Administration (NASA).
1958
Dwight D. Eisenhower
65.6%
Harry S. Truman
9.8%
John F. Kennedy
17.5%
Franklin D. Roosevelt
4%
After a 12 year hiatus caused by World War II, the first Summer Olympics to be held since the 1936 games in Berlin open in this city.
1948
London
56.4%
Helsinki
16.2%
Melbourne
5.8%
Rome
19.6%
The inauguration of this famous landmark takes place in Paris, France.
1836
Arc de Triomphe
36.4%
Eiffel Tower
59%
Notre-Dame de Paris
2.2%
Palace of Versailles
2.3%

You're not logged in!

Compare scores with friends on all Sporcle quizzes.
OR
Log In
Forgot?

From the Vault

Same Last Name III

by Hermateeowish

I'm Agent Johnson, this is Special Agent Johnson. No relation.
Remove Ads.
Support Sporcle.
Get the best of Sporcle when you Go Orange. This ad-free experience offers more features, more stats, and more fun while also helping to support Sporcle. Thank you for becoming a member.

Show Comments

Extras

Top Quizzes Today


Score Distribution

Your Account Isn't Verified!

In order to create a playlist on Sporcle, you need to verify the email address you used during registration. Go to your Sporcle Settings to finish the process.

Report this User

Report this user for behavior that violates our Community Guidelines.

Details: